Villes de France en H (difficile) - Statistiques

Statistiques générales
  • Ce quiz a été pris 66 fois
  • Le résultat moyen est 8 sur 20
Statistiques - réponses
Hint Réponse % Correct
Grande ville du littoral méditerranéen possédant une presqu'île Hyères
90%
Joli port de plaisance en face d'un géant port industriel, de l'autre côté de l'estuaire Honfleur
83%
Quasiment l'Espagne Hendaye
78%
Marine Le Pen y est élue députée Hénin-Beaumont
73%
Au bout de la péninsule du Cotentin, on y traite les déchets nucléaires (La ___) La Hague
73%
Deuxième commune du Bas-Rhin en population Haguenau
58%
Cité vendéenne qui fit l'exploit d'être finaliste de la coupe de France de football en 2018 (Les ___) Les Herbiers
55%
Un charismatique surfeur de cette station balnéaire landaise se prénommait Igor Hossegor
53%
Banlieue industrielle du Calvados Hérouville-Saint-Clair
42%
Victor Hugo évoque cet ancien port normand dans un poème déchirant connu des écoliers français Harfleur
35%
Comme son nom le laisse croire, nous sommes dans les Flandres. Hazebrouck
35%
Une vieille chanson bretonne parle d'un certain Pelot, humble soldat du roi Louis venant de cette ville du Morbihan. Hennebont
33%
Station balnéaire voisine de Cabourg, sur la côte fleurie Houlgate
23%
Cité d'histoire et d'industrie de Haute-Saône Héricourt
22%
Ville dortoir d'Île-de-France sur la rive droite d'une grande boucle de la Seine Herblay-sur-Seine
18%
Cité lorraine de la famille Wendel, on y trouvait depuis le XVIIIe siècle des forges, des mines, des fonderies et des hauts fourneaux. Hayange
17%
Au fin fond des Yvelines Houdan
13%
Séparée de Menin, en Belgique, par la Lys Halluin
12%
On peut y admirer des courses landaises Hagetmau
7%
Ville arrosée par la Sambre et durement touchée par la désindustrialisation Hautmont
3%
Aucun quiz correspondant
Distribution des résultats
% des personnes avec chaque résultat
Percentile par nombre de réponses
Votre historique - résultats
Vous n’avez pas pris ce quiz